Detalles MARC
| 000 -CABECERA |
| campo de control de longitud fija |
02735nam a2200349 a 4500 |
| 001 - NÚMERO DE CONTROL |
| campo de control |
000015084 |
| 003 - IDENTIFICADOR DEL NÚMERO DE CONTROL |
| campo de control |
DO-SdBPM |
| 005 - FECHA Y HORA DE LA ÚLTIMA TRANSACCIÓN |
| campo de control |
20260527070719.0 |
| 007 - CAMPO FIJO DE DESCRIPCIÓN FÍSICA--INFORMACIÓN GENERAL |
| campo de control de longitud fija |
ta |
| 008 - DATOS DE LONGITUD FIJA--INFORMACIÓN GENERAL |
| campo de control de longitud fija |
100201s2003 dr ad 001 0 spa d |
| 040 ## - FUENTE DE LA CATALOGACIÓN |
| Centro catalogador/agencia de origen |
DO-SdBPM |
| Lengua de catalogación |
spa |
| Centro/agencia transcriptor |
BPMSU |
| Centro/agencia modificador |
rda |
| 082 #4 - NÚMERO DE LA CLASIFICACIÓN DECIMAL DEWEY |
| Número de clasificación |
332.75 |
| Número de documento/Ítem |
I73e 2003 |
| Número de edición |
22 |
| 100 1# - ENTRADA PRINCIPAL--NOMBRE DE PERSONA |
| Nombre de persona |
Isa Conde, Narciso, |
| Fechas asociadas al nombre |
1942- |
| Término indicativo de función/relación |
autor |
| Código de función/relación |
aut. |
| 245 14 - MENCIÓN DE TÍTULO |
| Título |
Las entrañas de un poder gansterizado : |
| Resto del título |
BANINTER: siete pecados capitales, el testimonio de la crisis y mucho más / |
| Mención de responsabilidad, etc. |
Narciso Isa Conde, Fernando Peña. |
| 260 ## - PUBLICACIÓN, DISTRIBUCIÓN, ETC. |
| Fecha de publicación, distribución, etc. |
|
| 264 ## - PRODUCCIÓN, PUBLICACIÓN, DISTRIBUCIÓN, FABRICACIÓN Y COPYRIGHT |
| Producción, publicación, distribución, fabricación y copyright |
Santo Domingo : |
| Nombre del de productor, editor, distribuidor, fabricante |
Tiro al Blanco, |
| Fecha de producción, publicación, distribución, fabricación o copyright |
2003 |
| 300 ## - DESCRIPCIÓN FÍSICA |
| Extensión |
242 págianas : |
| Otras características físicas |
ilustraciones, tablas ; |
| Dimensiones |
22 cm. |
| 336 ## - TIPO DE CONTENIDO |
| Término de tipo de contenido |
texto |
| Código de tipo de contenido |
txt |
| Fuente |
rdacontent |
| 337 ## - TIPO DE MEDIO |
| Nombre/término del tipo de medio |
sin mediación |
| Código del tipo de medio |
n |
| Fuente |
rdamedia |
| 338 ## - TIPO DE SOPORTE |
| Nombre/término del tipo de soporte |
volumen |
| Código del tipo de soporte |
nc |
| Fuente |
rdacarrier |
| 504 ## - NOTA DE BIBLIOGRAFÍA, ETC. |
| Nota de bibliografía, etc. |
Bibliografía: páginas . 240-242. |
| 505 0# - NOTA DE CONTENIDO CON FORMATO |
| Nota de contenido con formato |
Marco global y crisis del sistema financiero 17 -- Estallido BANINTER: pugnas y partidos 21 -- Un poquito de historia: el poder visto desde el pasado 29 -- Báez Figueroa-BANINTER: nuevo grupo económico 35 -- Plan Báez Figueroa-BANINTER: gobierno-poder 51 -- Contexto y razones de la crisis de BANINTER 63 -- Imperio y oligarquía: a la caza de una oportunidad 67 -- "Célula fundamentalista" de Andy Dauhajre: una gobernación paralela del Banco Central 71 -- 55 preguntas sobre la crisis: ¡Una por cada mil millones del "agujero"! 75 -- Los siente Pecados Capitales de Ramón Báez Figueroa y BANINTER 83 -- El intento de absorción del BANINTER por el Banco del Progreso 97 -- Grupos Económicos Tradicionales intentaron compra de BANINTER 99 -- Banco del Progreso, Grupos Tradicionales y BBVA 101 -- Desgüase total de BANINTER: negocio de grupos tradiciones 117 -- Los Pellerano "se metieron en miedo" por el chantaje de Azor Hazoury 121 -- Montada en la crisis BANINTER la reelección lo contamina todo 123 -- Los halcones al acecho: anexión a mayor velocidad 129 -- Más allá de BANINTER: oligarquía tradicional busca nuevas ventajas con el fraude 135 -- Nueva ola privatizadora sobre fraude BANINTER 1454 -- Corrupción afecta sistema de ahorros y préstamos 149 -- El fraude Hazouri-Báez Figueroa descubre crisis del sistema de ahorros y préstamos 169 -- Acumulación capitalista, corrupción, delito de Estado y perversión moral van de la mano 183. |
| 590 ## - NOTA LOCAL (RLIN) |
| Nota local |
Inventariado, 2025/VM |
| 650 #7 - PUNTO DE ACCESO ADICIONAL DE MATERIA--TÉRMINO DE MATERIA |
| Término de materia o nombre geográfico como elemento de entrada |
Crisis bancaria |
| Subdivisión geográfica |
República Dominicana |
| 650 #7 - PUNTO DE ACCESO ADICIONAL DE MATERIA--TÉRMINO DE MATERIA |
| Término de materia o nombre geográfico como elemento de entrada |
Bancos |
| Subdivisión general |
Prácticas corruptas |
| Subdivisión geográfica |
República Dominicana |
| 650 #7 - PUNTO DE ACCESO ADICIONAL DE MATERIA--TÉRMINO DE MATERIA |
| Término de materia o nombre geográfico como elemento de entrada |
Fraude bancario |
| 650 z# - PUNTO DE ACCESO ADICIONAL DE MATERIA--TÉRMINO DE MATERIA |
| Término de materia o nombre geográfico como elemento de entrada |
Dominican Republic |
| Subdivisión general |
Politics and government |
| 651 #0 - PUNTO DE ACCESO ADICIONAL DE MATERIA--NOMBRE GEOGRÁFICO |
| Nombre geográfico |
República Dominicana |
| Subdivisión general |
Política y gobierno |
| 700 1# - PUNTO DE ACCESO ADICIONAL--NOMBRE DE PERSONA |
| Nombre de persona |
Peña, Fernando A., |
| Término indicativo de función/relación |
autor |
| 910 ## - DATOS DE OPCIÓN DEL USUARIO (OCLC) |
| Datos de opción del usuario |
VMateo V. Control de calidad. PMSU |
| 942 ## - ELEMENTOS DE PUNTO DE ACCESO ADICIONAL (KOHA) |
| Fuente del sistema de clasificación o colocación |
Dewey Decimal Classification |
| Tipo de ítem Koha |
Libros |